000 01381nam a2200325 i 4500
001 16990
003 ES-MaACL
005 20251123063259.0
007 t|
008 001127s1959 sp ||||1| spa d
080 _a75 Delgado, Alvaro (064.3)
100 1 _aDelgado, Álvaro,
_d1922-
_943394
245 1 0 _aÁlvaro Delgado
_b: [exposición, Club La Rábida de Sevilla, 18-31 de mayo de 1959] /
_c[texto de] L. Figuerola-Ferretti.
260 _aMadrid :
_bAteneo,
_c1959.
300 _a[32] p. :
_bprincipalmente il. n. ;
_c22 cm.
490 1 _aCuadernos de arte. Colección ordinaria ;
_v49
600 1 4 _aDelgado, Álvaro,
_d1922-
_943394
610 2 _aAteneo de Madrid-
_vObras digitalizadas.
_91930
655 7 _2tgfbne
_9193628
_aCatálogos de exposiciones
700 1 _aFiguerola-Ferretti, L.,
_d1907-1986
_950810
710 2 _aClub La Rábida (Sevilla)
_92864
710 2 _aAteneo de Madrid.
_91875
830 0 _aCuadernos de arte. Colección ordinaria
_v49
_9180064
852 _aES-MaACL
_j2160-F-22
_bR.129360
_917473
_cDEPOF
_zRevisado enlace: 22 de Abril de 2025
852 _aES-MaACL
_j2190-F-10
_bR.136035
_917474
_cDEPOF
_zRevisado enlace: 22 de Abril de 2025
852 _aES-MaACL
_jG-13294(9)
_917472
_cSPP3
856 4 _uhttp://www.ateneodemadrid.com/biblioteca_digital/folletos/CACo-049.pdf
_yVer documento
942 _2udc
999 _c16990
_d16990